[Event "XIII Figueira da Foz Open 2019"]
[Site "Figueira da Foz"]
[Date "2019.10.28"]
[Round "2.12"]
[White "Guerreiro, Nuno"]
[Black "Rato, Eduardo"]
[Result "1-0"]
[WhiteElo "2069"]
[BlackElo "1693"]
[Annotator "NA RC"]
[PlyCount "69"]
[EventDate "2019.10.27"]
[EventType "swiss"]
[EventCountry "POR"]
[SourceTitle "playchess.com"]
[Source "ChessBase"]
[SourceQuality "1"]
[TimeControl "40/5400+30:1800+30"]

1. e4 {[%emt 0:00:32]} c6 {[%emt 0:00:28]} 2. d3 {[%emt 0:00:19]} d5 {[%emt 0:00:22]} 3. Nd2 {[%emt 0:00:06]} Nf6 {[%emt 0:01:18]} 4. Ngf3 {[%emt 0:01:02]} dxe4 {[%emt 0:04:23]} (4... Bg4 5. h3 Bh5 6. c3 e6 7. Be2 dxe4 8. dxe4 Bxf3 9. Bxf3 Nbd7 10. O-O Qc7 11. Nc4 Bc5 12. b4 Be7 13. g3 {0-1 (41) Tsydypov,Z (2529)-Popov,I (2599) Sochi 2017}) 5. dxe4 {[%emt 0:00:16]} g6 {[%emt 0:00:29]} 6. a4 {[%emt 0:03:00] B10: Caro-Kann: 2 d3 and 2 c4} Bg7 {[%emt 0:00:44]} 7. Bc4 {[%emt 0:00:14]} O-O {[%emt 0:00:48]} 8. O-O {[%emt 0:00:16]} Qc7 {[%emt 0:01:15]} 9. Qe2 {[%emt 0:01:01]} Nbd7 {[%emt 0:02:12]} 10. e5 $146 {[%emt 0:02:34]} ({Predecessor:} 10. a5 Nc5 11. Ra3 Bg4 12. h3 Be6 {½-½ (61) Wiseman,M-Cadman,C Chicago 1995}) 10... Nd5 {[%emt 0:01:29]} 11. e6 {[%emt 0:00:48]} Ne5 {[%emt 0:01:43]} 12. exf7+ {[%emt 0:01:33]} Kh8 {[%emt 0:02:57]} 13. Nxe5 {[%emt 0:01:14]} Qxe5 {[%emt 0:01:56]} 14. Qxe5 {[%emt 0:02:55]} Bxe5 {[%emt 0:00:12]} 15. Re1 {[%emt 0:01:47]} Bf6 {[%emt 0:02:48]} 16. Ne4 {[%emt 0:00:28]} Bf5 {[%emt 0:02:59]} 17. c3 {[%emt 0:09:44]} Kg7 {[%emt 0:00:32]} 18. Nc5 {[%emt 0:06:55]} b6 {[%emt 0:04:08]} 19. Ne6+ {[%emt 0:00:37]} Bxe6 {[%emt 0:03:23]} 20. Rxe6 {[%emt 0:00:09]} Rac8 {[%emt 0:00:15]} 21. g4 {[%emt 0:04:15]} g5 {[%emt 0:01:20]} 22. a5 {[%emt 0:08:41]} b5 {[%emt 0:02:50]} 23. Bxd5 {[%emt 0:01:42]} cxd5 {[%emt 0:00:35]} 24. Be3 {[%emt 0:00:08]} Rc7 {[%emt 0:00:38]} 25. Ra6 {[%emt 0:04:28]} e5 {[%emt 0:00:56]} 26. Bxa7 {[%emt 0:01:52]} Rfxf7 {[%emt 0:00:23]} 27. Bb6 {[%emt 0:01:05]} Rc8 {[%emt 0:02:04]} 28. Ra7 {[%emt 0:05:06]} d4 {[%emt 0:02:04]} 29. cxd4 {[%emt 0:03:46]} exd4 {[%emt 0:01:20]} 30. Rd1 {[%emt 0:00:40]} Rc4 {[%emt 0:03:31]} (30... Rxa7 {was necessary.} 31. Bxa7 Kf7) 31. Rxf7+ {[%emt 0:06:05]} Kxf7 {[%emt 0:00:07]} 32. b3 {[%emt 0:00:21]} Rb4 $2 {[%emt 0:00:43]} (32... Rc6 33. Kg2 b4) 33. Rd3 {[%emt 0:00:25]} Rc4 {[%emt 0:01:48]} 34. bxc4 {[%emt 0:00:14]} bxc4 {[%emt 0:00:15]} 35. Rxd4 {[%emt 0:00:40]} 1-0

[Event "XIII Figueira da Foz Open 2019"]
[Site "Figueira da Foz"]
[Date "2019.10.28"]
[Round "2.13"]
[White "Barros Gutierrez, Angel Luis"]
[Black "Tadevosyan, Aspet"]
[Result "0-1"]
[WhiteElo "2038"]
[BlackElo "1998"]
[Annotator "NA RC"]
[PlyCount "72"]
[EventDate "2019.10.27"]
[EventType "swiss"]
[EventCountry "POR"]
[SourceTitle "playchess.com"]
[Source "ChessBase"]
[SourceQuality "1"]
[TimeControl "40/5400+30:1800+30"]

1. e4 c5 {[%emt 0:00:00]} 2. Nf3 {[%emt 0:00:00]} d6 {[%emt 0:00:31]} 3. c3 {[%emt 0:00:08]} Nf6 {[%emt 0:00:30]} 4. h4 Nc6 {[%emt 0:02:44]} 5. d3 {[%emt 0:02:44]} g6 {[%emt 0:00:42]} 6. g3 {[%emt 0:00:42]} Bg7 7. Bg2 {[%emt 0:00:07]} O-O {[%emt 0:01:02]} 8. O-O {[%emt 0:04:20]} c4 9. dxc4 {[%emt 0:00:47]} Nxe4 {[%emt 0:03:48]} 10. Nd4 {[%emt 0:04:39]} f5 {[%emt 0:12:22]} 11. Be3 {[%emt 0:03:38]} e5 {[%emt 0:07:38]} 12. Nb5 a6 {[%emt 0:00:09]} 13. Bxe4 {[%emt 0:01:04]} axb5 {[%emt 0:00:26]} 14. Bd5+ Kh8 {[%emt 0:00:54]} 15. f4 {[%emt 0:02:42]} bxc4 {[%emt 0:03:35]} 16. Na3 {[%emt 0:07:09]} exf4 {[%emt 0:04:15]} 17. Rxf4 {[%emt 0:06:53]} g5 {[%emt 0:03:12]} 18. Rxc4 {[%emt 0:04:02]} Ne5 {[%emt 0:00:27]} 19. Rb4 {[%emt 0:07:02]} f4 {[%emt 0:00:47]} 20. Bb6 {[%emt 0:02:18]} Qf6 {[%emt 0:09:52]} 21. gxf4 {[%emt 0:05:39]} gxf4 {[%emt 0:05:59]} 22. Qh5 {[%emt 0:03:47]} f3 {[%emt 0:06:30]} 23. Rf1 {[%emt 0:07:03]} Bf5 $19 {[%emt 0:12:09]} (23... Bh6 24. Kh1 Bh3) 24. Be3 {[%emt 0:04:44]} Ra5 25. Nb5 Bg6 {[%emt 0:05:38]} 26. Qg5 {[%emt 0:02:07]} Bd3 27. Qxf6 Rxf6 {[%emt 0:00:38]} 28. a4 {[%emt 0:08:45]} Rg6+ {[%emt 0:00:17]} 29. Kf2 {[%emt 0:01:09]} Rg2+ {[%emt 0:00:51]} 30. Ke1 {[%emt 0:00:24]} Re2+ {[%emt 0:00:22]} 31. Kd1 {[%emt 0:03:15]} Rxe3 {[%emt 0:00:42]} 32. Rf2 {[%emt 0:01:21]} Be2+ {[%emt 0:00:48]} 33. Kc2 {[%emt 0:01:41]} Bxb5 34. Rxb5 Rxb5 {[%emt 0:00:44]} 35. axb5 {[%emt 0:00:38]} Bh6 36. Kd1 {[%emt 0:01:54]} Rd3+ {[%emt 0:00:08]} 0-1

[Event "XIII Figueira da Foz Open 2019"]
[Site "Figueira da Foz"]
[Date "2019.10.28"]
[Round "2.14"]
[White "Adams, Philip"]
[Black "Dias, Jose Oliveira Gaspar"]
[Result "1-0"]
[WhiteElo "1993"]
[BlackElo "1562"]
[Annotator "NA RC"]
[PlyCount "89"]
[EventDate "2019.10.27"]
[EventType "swiss"]
[EventCountry "POR"]
[SourceTitle "playchess.com"]
[Source "ChessBase"]
[SourceQuality "1"]
[TimeControl "40/5400+30:1800+30"]

1. e4 {[%emt 0:00:00]} d5 {[%emt 0:00:00]} 2. exd5 {[%emt 0:00:00]} Qxd5 {[%emt 0:00:24]} 3. Nc3 {[%emt 0:00:16]} Qd6 {[%emt 0:00:06]} 4. d4 {[%emt 0:00:34]} Nf6 {[%emt 0:00:08]} 5. Nf3 {[%emt 0:00:42]} g6 {[%emt 0:00:23]} (5... Bg4 6. h3 Bh5 7. g4 Bg6 8. Ne5 Nbd7 9. Bf4 Nxe5 10. Bxe5 Qb6 11. Qf3 O-O-O 12. O-O-O e6 13. Bd3 Bb4 14. Bxg6 hxg6 {½-½ (55) Caruana,F (2828)-Moranda,W (2593) chess.com INT 2019}) 6. Nb5 {[%emt 0:01:21] B01: Scandinavian Defence} Qb6 {[%emt 0:02:46]} 7. c4 {[%emt 0:01:15]} c6 {[%emt 0:01:11]} 8. Nc3 {[%emt 0:00:41]} Bg7 {[%emt 0:00:19]} 9. Be2 {[%emt 0:01:50]} O-O {[%emt 0:00:17]} 10. h3 {[%emt 0:05:44]} a5 $146 {[%emt 0:03:32]} ({Predecessor:} 10... Rd8 11. O-O Bf5 12. Re1 e5 13. c5 {1-0 (46) Alekseev,E (2691)-Gupta,A (2662) New Delhi 2012}) 11. O-O {[%emt 0:01:03]} Na6 {[%emt 0:00:58]} 12. a3 {[%emt 0:09:04]} Bf5 {[%emt 0:15:53]} 13. Nh4 {[%emt 0:07:53]} Be6 {[%emt 0:00:15]} 14. Be3 {[%emt 0:02:46]} Qc7 {[%emt 0:03:59]} 15. Rc1 {[%emt 0:04:47]} Rfd8 {[%emt 0:01:45]} 16. Qc2 {[%emt 0:06:53]} Ne8 {[%emt 0:11:48]} 17. Rfd1 {[%emt 0:03:50]} Bf6 {[%emt 0:02:47]} 18. Nf3 {[%emt 0:00:45]} Rac8 {[%emt 0:07:32]} 19. Qa4 {[%emt 0:05:53]} Bd7 {[%emt 0:07:29]} 20. Qb3 {[%emt 0:05:15]} Qb8 {[%emt 0:06:36]} 21. Bf1 {[%emt 0:09:49]} Nd6 {[%emt 0:09:17]} 22. Bf4 {[%emt 0:07:16]} Qa7 {[%emt 0:06:25]} 23. Bxd6 {[%emt 0:08:17]} exd6 {[%emt 0:00:29]} 24. Ne4 {[%emt 0:00:09]} Be7 {[%emt 0:00:20]} 25. Qe3 {[%emt 0:02:30]} Re8 {[%emt 0:02:04]} 26. Qh6 {[%emt 0:00:48]} f6 {[%emt 0:00:50] [#]} 27. Qf4 {[%emt 0:02:40]} (27. c5 $1 $18 {[%mdl 512] and White stays clearly on top.} d5 (27... dxc5 28. Bc4+) 28. Nh4) 27... Bf5 {[%emt 0:03:54]} (27... Kg7 $16) 28. Nxd6 {[%emt 0:00:37]} Qb8 {[%emt 0:00:12]} 29. c5 {[%emt 0:00:18]} Rcd8 $2 {[%emt 0:01:17]} (29... Bxd6 30. cxd6 Kg7) 30. Bc4+ {[%emt 0:01:02]} Kh8 {[%emt 0:01:55]} 31. Nf7+ {[%emt 0:00:33] Double Attack} Kg8 {[%emt 0:01:20]} 32. Nxd8+ {[%emt 0:00:58] Discovered Attack} Kg7 {[%emt 0:00:30]} 33. Qxb8 {[%emt 0:00:34]} Nxb8 {[%emt 0:00:10]} 34. Nxb7 {[%emt 0:00:35]} a4 {[%emt 0:00:43]} 35. Re1 $18 {[%emt 0:00:41]} Kf8 {[%emt 0:00:15]} 36. Re2 {[%emt 0:01:22]} Bc8 {[%emt 0:00:41]} 37. Nd6 {[%emt 0:01:05]} Rd8 {[%emt 0:01:39]} 38. Nxc8 {[%emt 0:00:22]} Rxc8 {[%emt 0:00:10]} 39. Rce1 {[%emt 0:00:19]} Rc7 {[%emt 0:00:23]} 40. h4 {[%emt 0:00:00]} Rd7 {[%emt 0:00:00]} 41. g4 {[%emt 0:03:44]} Rb7 {[%emt 0:06:23]} 42. Kg2 {[%emt 0:01:18]} h6 {[%emt 0:00:33]} 43. h5 {[%emt 0:00:35]} gxh5 {[%emt 0:00:47]} 44. Nh4 {[%emt 0:00:56]} hxg4 {[%emt 0:04:09]} 45. Rxe7 {[%emt 0:00:30]} 1-0

[Event "XIII Figueira da Foz Open 2019"]
[Site "Figueira da Foz"]
[Date "2019.10.28"]
[Round "2.15"]
[White "Junior, Aguinaldo Vera Cruz"]
[Black "Heeren, Arnoldo"]
[Result "0-1"]
[WhiteElo "1558"]
[BlackElo "1929"]
[Annotator "NA RC"]
[PlyCount "86"]
[EventDate "2019.10.27"]
[EventType "swiss"]
[EventCountry "POR"]
[SourceTitle "playchess.com"]
[Source "ChessBase"]
[SourceQuality "1"]
[TimeControl "40/5400+30:1800+30"]

1. e4 c5 2. Nc3 e6 3. Nf3 a6 4. d4 cxd4 5. Nxd4 d6 6. Be3 Nf6 7. Nf3 {B80: Sicilian Scheveningen: 6 g3 and 6 Be3, including English Attack} (7. f3 h5 8. Be2 Qc7 9. O-O b5 10. Qd2 Nbd7 11. b4 d5 12. exd5 Bxb4 13. Ncxb5 axb5 14. Qxb4 Nxd5 15. Qd2 Nxe3 16. Qxe3 {½-½ (39) Vidit,S (2707)-Grandelius,N (2651) Malmo 2018}) 7... Nc6 8. e5 $146 ({Predecessor:} 8. Be2 Be7 9. O-O b5 10. a3 O-O 11. Bd3 Bb7 12. Qd2 h6 13. Bxh6 Ng4 14. Be3 d5 15. exd5 Nxe3 16. fxe3 exd5 {1-0 (22) Montilla Bejarano,C (1176)-Mengot Pardo,F (1581) Benidorm 2017}) 8... dxe5 9. Qxd8+ Kxd8 10. Bg5 Be7 11. Bd3 Nd5 12. Bxe7+ Kxe7 13. Be4 Nxc3 14. Bxc6 bxc6 15. bxc3 f6 16. O-O Rd8 17. Rab1 Rd6 18. h3 a5 19. Rfe1 Ba6 20. Re4 Rad8 21. Rb2 Bb5 22. c4 Ba6 $19 23. Rb6 c5 24. Rxd6 Rxd6 25. a3 Rd1+ 26. Re1 Rxe1+ 27. Nxe1 Bxc4 28. f3 Kd6 29. Kf2 Kd5 30. Ke3 f5 31. c3 f4+ 32. Kf2 e4 33. g3 fxg3+ 34. Kxg3 exf3 35. Kxf3 Bb3 36. Ke3 Kc4 37. Kd2 Ba4 38. Nf3 Kb3 39. Ne5 Bb5 40. Nf3 Kxa3 41. Kc2 Ba4+ 42. Kd2 Kb2 43. Ne1 Bb5 0-1

[Event "XIII Figueira da Foz Open 2019"]
[Site "Figueira da Foz"]
[Date "2019.10.28"]
[Round "2.16"]
[White "Puglia, Francesco"]
[Black "Dong, Rafael"]
[Result "1-0"]
[WhiteElo "1916"]
[BlackElo "1486"]
[Annotator "NA RC"]
[PlyCount "61"]
[EventDate "2019.10.27"]
[EventType "swiss"]
[EventCountry "POR"]
[SourceTitle "playchess.com"]
[Source "ChessBase"]
[SourceQuality "1"]
[TimeControl "40/5400+30:1800+30"]

1. e4 {[%emt 0:00:00]} c6 {[%emt 0:00:00]} 2. d4 {[%emt 0:00:00]} d5 {[%emt 0:00:00]} 3. e5 {[%emt 0:00:00]} Bf5 {[%emt 0:00:00]} 4. h4 {[%emt 0:00:00]} h5 {[%emt 0:00:22]} 5. Bg5 {[%emt 0:00:00]} Qb6 {[%emt 0:00:46]} 6. Bd3 {[%emt 0:00:08] B12: Caro-Kann: Advance Variation} Bxd3 {[%emt 0:03:46]} 7. Qxd3 {[%emt 0:00:02]} Qxb2 {[%emt 0:04:34]} 8. e6 {[%emt 0:00:09]} fxe6 {[%emt 0:00:20]} 9. Nf3 {[%emt 0:06:50]} Qxa1 {[%emt 0:04:15]} 10. Qb3 {[%emt 0:00:30]} b5 $146 {[%emt 0:02:40]} ({Predecessor:} 10... Nd7 11. O-O O-O-O 12. Bd2 e5 {0-1 (34) Lopez Rivera,J (2337)-Granda Zuniga,J (2688) La Roda 2016}) 11. O-O {[%emt 0:01:28]} a5 {[%emt 0:04:22]} 12. Nc3 {[%emt 0:02:56]} a4 {[%emt 0:00:25]} 13. Qa3 {[%emt 0:00:59]} Qxf1+ {[%emt 0:03:39]} 14. Kxf1 {[%emt 0:00:03]} Nd7 {[%emt 0:00:19]} 15. Ne5 $2 {[%emt 0:09:32]} (15. Ne2 $18 {is the precise move to win.}) 15... Nxe5 {[%emt 0:00:31]} 16. dxe5 {[%emt 0:00:03]} g6 {[%emt 0:00:23]} 17. Qc5 {[%emt 0:03:14]} Kd7 {[%emt 0:03:00]} 18. Be3 {[%emt 0:13:52]} Bg7 {[%emt 0:02:05]} 19. Nxd5 {[%emt 0:02:23]} exd5 {[%emt 0:01:08]} 20. e6+ {[%emt 0:00:07]} Kc7 {[%emt 0:01:52]} 21. Qb6+ {[%emt 0:02:27]} Kd6 {[%emt 0:02:02]} 22. Bc5+ {[%emt 0:02:01]} Kxe6 {[%emt 0:05:21]} 23. Qxc6+ {[%emt 0:01:22]} Ke5 {[%emt 0:04:41]} 24. f4+ {[%emt 0:10:04]} Kxf4 {[%emt 0:01:54]} 25. Qe6 {[%emt 0:00:50]} Be5 {[%emt 0:04:51]} 26. Qxd5 {[%emt 0:00:28]} Bg7 {[%emt 0:02:59]} 27. Kf2 {[%emt 0:18:41] Decoy} Rf8 {[%emt 0:05:55]} 28. g3+ {[%emt 0:00:30]} Kg4+ {[%emt 0:00:19]} 29. Kg2 {[%emt 0:00:02]} Bh6 {[%emt 0:03:47]} 30. Qe6+ {[%emt 0:00:06]} Rf5 {[%emt 0:01:51]} 31. Qe2+ {[%emt 0:00:02]} 1-0

[Event "XIII Figueira da Foz Open 2019"]
[Site "Figueira da Foz"]
[Date "2019.10.28"]
[Round "2.18"]
[White "Babo, Miguel"]
[Black "Dong, Fabio"]
[Result "1/2-1/2"]
[WhiteElo "1827"]
[BlackElo "1410"]
[Annotator "NA RC"]
[PlyCount "72"]
[EventDate "2019.10.27"]
[EventType "swiss"]
[EventCountry "POR"]
[SourceTitle "playchess.com"]
[Source "ChessBase"]
[SourceQuality "1"]
[TimeControl "40/5400+30:1800+30"]

1. d4 {[%emt 0:00:00]} d5 {[%emt 0:00:00]} 2. Nf3 {[%emt 0:00:00]} Nf6 {[%emt 0:00:00]} 3. e3 {[%emt 0:00:00]} c6 {[%emt 0:00:00]} 4. Bd3 {[%emt 0:00:08]} Bg4 {[%emt 0:00:19]} 5. b3 {[%emt 0:01:16]} e6 {[%emt 0:03:37]} 6. O-O {[%emt 0:01:21] D04: Colle System} (6. Bb2 Bb4+ 7. c3 Bd6 8. Nbd2 Nbd7 9. c4 Qe7 10. h3 Bh5 11. O-O e5 12. e4 dxe4 13. Nxe4 Nxe4 14. Bxe4 {½-½ (49) Shengelia,D (2551)-Bartel,M (2653) Porto Carras 2011}) 6... Nbd7 {[%emt 0:03:11]} 7. Bb2 {[%emt 0:00:42]} Be7 {[%emt 0:03:55]} 8. Nbd2 {[%emt 0:00:38]} O-O {[%emt 0:00:49]} 9. Qe1 {[%emt 0:01:33]} Qc7 $146 {[%emt 0:02:08]} ({Predecessor:} 9... Bf5 10. Ne5 Bxd3 11. cxd3 Qa5 12. Qe2 Nxe5 13. dxe5 {1-0 (42) Ortega Serra,M (2356)-Fernandez Aguilar,F (2153) Santa Eulalia de Roncana 2015}) 10. Ne5 {[%emt 0:00:56]} Nxe5 {[%emt 0:04:13]} 11. dxe5 {[%emt 0:01:48]} Nd7 {[%emt 0:00:28]} 12. f3 {[%emt 0:07:43]} Bh5 {[%emt 0:04:33]} 13. f4 {[%emt 0:08:19]} Nc5 {[%emt 0:06:16]} 14. f5 {[%emt 0:08:01]} (14. h3 $11) 14... Nxd3 {[%emt 0:03:33]} 15. cxd3 {[%emt 0:01:18]} exf5 {[%emt 0:01:46]} 16. d4 {[%emt 0:12:08]} Bg6 {[%emt 0:03:00]} 17. Qe2 {[%emt 0:11:04]} Rfe8 {[%emt 0:14:05]} 18. Rac1 {[%emt 0:03:32]} a5 {[%emt 0:00:44]} 19. a3 {[%emt 0:06:26]} b5 {[%emt 0:05:33]} (19... f6 $17 20. Qf2 Qb6) 20. Qxb5 {[%emt 0:01:09]} cxb5 {[%emt 0:03:17]} 21. Rxc7 {[%emt 0:00:12]} b4 {[%emt 0:05:06]} 22. a4 {[%emt 0:00:31]} ({White should try} 22. axb4 $11 Bg5 23. Re1) 22... Bg5 {[%emt 0:01:44]} 23. Re1 {[%emt 0:03:32] [#]} (23. Kf2 $1 $15) 23... Rec8 $1 {[%emt 0:02:37]} 24. Rc5 {[%emt 0:00:21] [#]} Rxc5 {[%emt 0:02:42]} (24... f4 $1 $17 25. Nf3 Be7 26. Rxc8+ Rxc8 27. exf4 Rc2) 25. dxc5 {[%emt 0:00:04]} Rc8 {[%emt 0:00:47]} 26. Bd4 {[%emt 0:00:31]} f4 {[%emt 0:01:08]} 27. Nf3 {[%emt 0:04:54]} Bh6 {[%emt 0:00:53]} 28. exf4 {[%emt 0:03:52]} Bxf4 {[%emt 0:00:12]} 29. g3 {[%emt 0:00:50]} Bh6 {[%emt 0:00:44]} 30. Re2 {[%emt 0:06:27]} Bd3 {[%emt 0:02:36]} 31. Rf2 {[%emt 0:00:42]} Be4 {[%emt 0:04:21]} ({Better is} 31... g6 $17 32. g4 Bf8) 32. h4 {[%emt 0:04:52]} g6 {[%emt 0:06:48]} 33. Nh2 {[%emt 0:02:16]} (33. Ng5 $11 {keeps the balance.}) 33... Bf8 {[%emt 0:02:53]} 34. Ng4 {[%emt 0:00:10]} Bxc5 $19 {[%emt 0:00:49]} 35. Nf6+ {[%emt 0:05:12]} Kg7 {[%emt 0:01:38]} 36. Ne8+ Rxe8 1/2-1/2

[Event "XIII Figueira da Foz Open 2019"]
[Site "Figueira da Foz"]
[Date "2019.10.29"]
[Round "3.1"]
[White "Clarke, Brandon G I"]
[Black "Maiorov, Nikita"]
[Result "0-1"]
[WhiteElo "2445"]
[BlackElo "2517"]
[Annotator "TA"]
[PlyCount "93"]
[EventDate "2019.10.27"]
[EventType "swiss"]
[EventCountry "POR"]
[SourceTitle "playchess.com"]
[Source "ChessBase"]
[SourceQuality "1"]

{[%evp 21,93,18,33,29,25,25,27,25,25,25,25,23,37,24,29,31,36,33,47,11,83,42,50,68,70,56,27,-18,-32,-87,-67,-115,0,0,61,-3,-24,-84,-52,-161,-166,-179,-171,-169,-180,-173,-168,-210,-208,-229,-218,-231,-231,-214,-136,-218,-181,-254,-173,-157,-166,-164,-151,-162,-154,-150,-158,-326,-318,-673,-662,-713,-701,-1291]} 1. e4 e5 2. Nf3 Nc6 3. Bb5 a6 4. Ba4 Nf6 5. O-O Be7 6. Re1 b5 7. Bb3 d6 8. c3 O-O 9. h3 Nb8 10. d4 Nbd7 11. Nbd2 {[%cal Bb1d2,Bd2f1,Bf1g3][%mdl 32]} c5 12. Nf1 {C95: Closed Ruy Lopez: Breyer Variation with 10 d4} Re8 13. Ng3 Bf8 14. a4 {White has an edge.} (14. Bc2 cxd4 15. cxd4 exd4 16. Bf4 Bb7 17. Nxd4 g6 18. Qd2 Nc5 19. Bg5 Bg7 {½-½ (37) Karjakin,S (2760)-Kovalev,V (2664) Batumi 2018}) 14... Bb7 15. d5 c4 16. Bc2 Nc5 17. Bg5 {[#]} h6 $146 ({Predecessor:} 17... Rb8 18. axb5 axb5 19. Qd2 Bc8 {½-½ (70) Hansen,T (2442)-Wagner,D (2577) Karlsruhe 2017}) 18. Be3 Qc7 19. Nh2 Reb8 20. Rf1 Re8 (20... Bc8 $11) 21. Ng4 Nxg4 22. Qxg4 Bc8 23. Nf5 Kh7 24. f4 g6 $36 {[%mdl 2048] Black fights for an advantage.} 25. fxe5 (25. axb5 $1 $15 gxf5 26. exf5) 25... Rxe5 $17 {[%mdl 64] Pin} (25... gxf5 26. exf5 Rxe5 27. Rf3 $16) 26. Bd4 gxf5 ({Better is} 26... bxa4 $17 27. Nxd6 (27. Bxe5 dxe5 28. Rab1 Qb6 $17) 27... Bxg4 28. Rxf7+ Qxf7 $1 {[%mdl 512]} 29. Nxf7 Re7 30. Bxc5 Rxf7 31. Bxf8 Raxf8 32. hxg4 a3 $1 {[%mdl 512]} 33. bxa3 Rf2) 27. exf5 $11 Nd3 (27... Bb7 $11) 28. Bxd3 ({White should play} 28. axb5 $14 Rxd5 29. Rf3) 28... cxd3 29. Rf3 (29. Bxe5 $11 {keeps the balance.} dxe5 30. axb5) 29... Qe7 $17 {And now ...Re4 would win.} 30. Rg3 (30. Bxe5 $15 Qxe5 31. axb5 (31. Rg3 Bg7 $17)) 30... Qg5 $1 $19 {[%cal Rg5g4] aiming for ...Qxg4.} 31. Bxe5 dxe5 32. Qxg5 hxg5 33. Rxd3 {[#] Black should prevent axb5.} bxa4 $1 ({Not} 33... Bxf5 34. Rf3 $11) 34. Rxa4 Bxf5 35. Rf3 {[#]} Kg6 $1 36. Rc4 Bd7 37. Rc7 Be8 38. b4 (38. c4 $17 {was worth a try.}) 38... a5 39. bxa5 (39. Rb7 $142) 39... Rxa5 {White must now prevent ...Bc5+.} 40. Rc8 Bc5+ 41. Kh2 e4 42. Rf1 Bd7 ({Much less strong is} 42... Bd6+ 43. Kg1 $15) 43. Rg8+ Kh7 44. Rxg5 $2 (44. Rd8 $17 Ba4 45. Rxf7+ Kg6 46. Rf1) 44... f5 45. c4 $2 (45. Kg3 Bd6+ {[%mdl 64] Discovered Attack} 46. Kf2) 45... e3 46. Re1 Ra2 47. Rh5+ {Accuracy: White = 36%, Black = 82%.} 0-1

[Event "XIII Figueira da Foz Open 2019"]
[Site "Figueira da Foz"]
[Date "2019.10.29"]
[Round "3.2"]
[White "Martin Duque, Jesus"]
[Black "Galego, Luis"]
[Result "1/2-1/2"]
[WhiteElo "2445"]
[BlackElo "2483"]
[Annotator "TA"]
[PlyCount "121"]
[EventDate "2019.10.27"]
[EventType "swiss"]
[EventCountry "POR"]
[SourceTitle "playchess.com"]
[Source "ChessBase"]
[SourceQuality "1"]

{[%evp 20,121,59,45,92,68,73,53,70,47,64,47,57,58,60,30,25,19,95,84,104,100,107,99,87,60,68,42,60,22,16,0,0,0,0,0,0,0,0,0,0,-65,-58,-39,-35,-77,-78,-117,-113,-112,-112,-116,-100,-106,78,81,86,78,189,187,185,99,99,97,130,127,131,131,137,137,139,135,132,118,112,116,126,107,118,106,132,88,116,77,77,63,57,60,156,101,108,39,45,28,27,22,28,27,27,0,0,0,0,0]} 1. e4 d5 2. exd5 Qxd5 3. Nc3 Qa5 4. d4 c6 5. Bc4 Nf6 6. Bd2 Qc7 7. Nf3 Bg4 8. h3 Bxf3 9. Qxf3 e6 10. O-O-O Nbd7 11. g4 Nb6 {B01: Scandinavian Defence} 12. Bb3 Nbd5 (12... O-O-O 13. g5 Ne8 14. Ne4 Nd6 15. Bf4 Nd5 16. Be5 Qd7 17. Nxd6+ Bxd6 18. c4 Nc7 19. Bxg7 Rhg8 20. Bf6 Be7 {1-0 (63) Sethuraman,S (2673)-Akobian,V (2641) Saint Louis 2018}) 13. Ne4 $146 ({Predecessor:} 13. g5 Nxc3 14. Bxc3 Nd5 15. Bd2 b5 16. h4 Bd6 17. Kb1 a5 18. Rhe1 b4 19. Bxd5 cxd5 20. Qxd5 {0-1 (44) Rodi,L (2344)-Wustefeld,C (2277) Porto San Giorgio 2016}) 13... b5 {White is slightly better.} 14. Nxf6+ Nxf6 15. Ba5 Qd7 16. Rhe1 {d5! is the strong threat.} Nd5 17. Kb1 Be7 18. Qe4 g5 (18... Bd8 $11 {remains equal.} 19. Bd2 a5) 19. h4 $16 h6 20. hxg5 hxg5 21. Rh1 Rf8 22. Rh6 b4 23. Rdh1 Rb8 24. Bc4 Qd6 25. Ka1 Kd7 26. Qf3 Qf4 27. Qxf4 Nxf4 28. a3 bxa3 29. b3 $1 Nd5 30. c3 (30. Bd2 $11) 30... Nf6 $15 31. f3 Nd5 32. Ka2 Bd8 33. Bxd5 Bxa5 34. Be4 Bxc3 35. Rc1 Bxd4 36. Rxc6 Rb5 $2 (36... Rfc8 $17 {stays on course.} 37. Rxc8 Rxc8 38. Kxa3 Rb8) 37. Rc4 $16 {Threatens to win with Bc6+.} Bc5 {[#]} 38. b4 $1 {[%cal Rb4c5][%mdl 64] Deflection} Rxb4 (38... Kd6 $16 {keeps fighting.}) 39. Rxc5 $18 Rb2+ {[#]} 40. Kxa3 (40. Ka1 $1 $18) 40... Rfb8 $16 41. Rc3 ({Much worse is} 41. Rxg5 $6 R8b3+ 42. Ka4 Rb4+ 43. Ka3 (43. Ka5 Rb6 $17) 43... R4b3+ 44. Ka4 Rb4+ 45. Ka3 (45. Ka5 Rb6 $17) 45... R4b3+ $11) 41... R2b6 {[%cal Rb6a6]} 42. Bd3 {Black must now prevent Rh7.} Ke7 43. Rh2 Kf6 44. Re2 Rd8 45. Bc2 Rd5 46. Re4 Ra5+ 47. Ba4 Re5 48. Rd4 Re1 {[%cal Re1a1]} 49. Bb3 a5 50. Kb2 Ke5 51. Rdc4 Rb4 52. Rc5+ Kf4 53. Rxa5 {And now Rd3 would win.} Rd4 (53... Rf1 $14) 54. Rc7 ({White should play} 54. Ra7) 54... Kxf3 55. Rxf7+ (55. Rxg5 $16 f5 56. gxf5 exf5 57. Rcg7) 55... Kxg4 $14 56. Rf6 e5 57. Be6+ Kg3 58. Ra3+ Kg2 59. Rg6 Re2+ 60. Kc1 Re1+ 61. Kb2 {Accuracy: White = 48%, Black = 66%.} 1/2-1/2